000 00594cam a2200205 4500
001 D3089
008 090401t1980 xxu||||| |||| 00| 0 eng d
035 _a(Sirsi) u71822
041 _aeng
050 _a526.6
100 _aDean, J.D.A.
245 4 _aThe astrogeodetic determination of the geoid in Great Britain
260 _aSouthampton
_bOrdnance Survey
_c1980
300 _a47p. ill. maps. 30cm
350 _a8
490 _aOrdnance Survey Professional Papers
_v29
520 _aForms Reference (a) of RICS Land Surveyors Information Package 7
942 _n0
948 _c04/03/1997
999 _c95444
_d95444